| 000 | 01023cam a22002773a 4500 | ||
|---|---|---|---|
| 001 | 12138 | ||
| 003 | PGUSA | ||
| 005 | 20140828083245.0 | ||
| 008 | 040401s2004||||xxu|||||s|||||000 | eng d | ||
| 040 |
_aPGUSA _beng |
||
| 042 | _adc | ||
| 050 | 4 | _aLD | |
| 050 | 4 | _aLA | |
| 100 | 1 |
_aSteiner, Bernard C. _q(Bernard Christian), _d1867-1926 |
|
| 245 | 1 | 4 |
_aThe History of University Education in Maryland : _bThe Johns Hopkins University (1876-1891). With supplementary notes on university extension and the university of the future _h[electronic resource] / _cBernard C. Steiner |
| 260 |
_bProject Gutenberg, _c2004 |
||
| 506 | _aPublic domain in the USA. | ||
| 516 | _aElectronic text | ||
| 653 | _aJohns Hopkins University -- History | ||
| 653 | _aUniversities and colleges -- Maryland -- History | ||
| 700 | 1 |
_aMoulton, Richard G. _q(Richard Green), _d1849-1924 |
|
| 700 | 1 |
_aGilman, Daniel Coit, _d1831-1908 |
|
| 830 | 0 |
_aProject Gutenberg _v12138 |
|
| 856 | 4 | 0 | _uhttp://www.gutenberg.org/ebooks/12138 |
| 942 | _cEB | ||
| 999 |
_c241393 _d241393 |
||